| 000 | 01755nmc a2200541 a 4500 | ||
|---|---|---|---|
| 003 | AR-BaBNM | ||
| 005 | 20251128211643.0 | ||
| 008 | 185020s2003 ||||||||||||||000 | spa|| | ||
| 020 | _a84-7133-735-5 | ||
| 040 | _cAR-BaBNM | ||
| 245 | 1 | 0 |
_aTrampas en educación _bel discurso sobre la calidad |
| 260 |
_aMadrid _bLa Muralla _c2003 |
||
| 300 | 0 | _a243 p. | |
| 490 | 0 | _aAula abierta | |
| 504 | _aIncluye bibliografía al final del volumen | ||
| 650 | 4 | _aCALIDAD DE LA EDUCACION | |
| 650 | 4 | _aRESULTADOS DE INVESTIGACION | |
| 650 | 4 | _aPOLITICA EDUCATIVA | |
| 651 | 4 | _aEspaña | |
| 653 | _aINSTITUCIONES EDUCATIVAS | ||
| 653 | _aINVESTIGACION EDUCATIVA | ||
| 653 | _aANALISIS DEL DISCURSO | ||
| 700 | 1 |
_aSantos Guerra, Miguel Angel _ecoordinador |
|
| 700 | 1 | _aAlvarez Martín, María Victoria | |
| 700 | 1 | _aAraujo Duarte, Guadalupe | |
| 700 | 1 | _aArenas Fernández, Gloria | |
| 700 | 1 | _aBarrientos, María Carmen | |
| 700 | 1 | _aDíaz Noguera, María Dolores | |
| 700 | 1 | _aFernández Galván, Sofía | |
| 700 | 1 | _aGambero Gámez, Juan Ramón | |
| 700 | 1 | _aGarcía González, Montserrat | |
| 700 | 1 | _aGómez González, María José | |
| 700 | 1 | _aGómez Mayorca, Cristóbal | |
| 700 | 1 | _aGutiérrez Pérez, Rosario | |
| 700 | 1 | _aHeras Montoya, Laurentino | |
| 700 | 1 | _aHerrera Abril, María Amalia | |
| 700 | 1 | _aLiñán Banderas, María del Pilar | |
| 700 | 1 | _aMartín Ruiz, María Victoria | |
| 700 | 1 | _aPlaza del Río, Francisco S. | |
| 700 | 1 | _aPrado Piñero, Juan | |
| 700 | 1 | _aRivas Flores, Ignacio | |
| 700 | 1 | _aRodrigo Muñoz, Pilar | |
| 700 | 1 | _aTorres Rosell, María Fernanda | |
| 700 | 1 | _aVázquez Candiles, Ildefonso | |
| 800 | 1 | _aCasanova, María Antonia | |
| 942 | _cBK | ||
| 998 | _ccalidad | ||
| 999 |
_c20597 _d20597 |
||